<La> coordinación de las políticas económicas y la integración de América Latina.

Možné oblasti koordinácie ekonomických politík vzhľadom na štrukturálne a cyklické problémy s ktorými zápasí Latinská Amerika. Negatívne vplyvy zahraničia. Predvída sa, že bezprostredná budúcnosť nedáva nádej na harmonizáciu makroekonomík, čo je podmienkou na integráciu Latinskej Ameriky.

Salvato in:
Dettagli Bibliografici
Autore principale: Bekerman, M.
Natura: Capitolo di libro
Lingua:spagnolo
Soggetti:
Tags: Aggiungi Tag
Nessun Tag, puoi essere il primo ad aggiungerne!!

MARC

LEADER 00000naa a2200000 4500
001 r003089
005 20220818104500.3
041 0 |a spa 
044 |a MX 
245 1 0 |a <La> coordinación de las políticas económicas y la integración de América Latina.  |c M. Bekerman 
520 |a Možné oblasti koordinácie ekonomických politík vzhľadom na štrukturálne a cyklické problémy s ktorými zápasí Latinská Amerika. Negatívne vplyvy zahraničia. Predvída sa, že bezprostredná budúcnosť nedáva nádej na harmonizáciu makroekonomík, čo je podmienkou na integráciu Latinskej Ameriky. 
610 2 0 |a koordinácia 
610 2 0 |a Latinská Amerika 
610 2 0 |a integrácia ekonomická medzinárodná 
610 2 0 |a politika hospodárska 
100 1 |a Bekerman, M.